| 000 | 00527nam a22002177i 4500 | ||
|---|---|---|---|
| 999 |
_c354 _d354 |
||
| 001 | 358 | ||
| 003 | OSt | ||
| 005 | 20180810142410.0 | ||
| 007 | tu | ||
| 008 | 161220s1987 xxu||||| |||| 00| 0 eng d | ||
| 024 | 7 |
_a357 _2RID |
|
| 040 | _cOSt | ||
| 084 |
_a11.71 _2z |
||
| 100 | 1 |
_aChapman, Margret _eEd. |
|
| 245 | _aForum on U.S.-Soviet Trade Relations | ||
| 260 |
_aWashington,D.C. : _c1987. _bAmerican Committee on U.S.-Soviet Relations, |
||
| 300 |
_a172 S. ; _c21cm. |
||
| 651 | _aSoviet Union | ||
| 651 | _aUSA | ||
| 942 | _cB | ||